Culture Générale - Série 764 - Statistiques

Statistiques générales
  • Ce quiz a été pris 165 fois
  • Le résultat moyen est 6 sur 10
Statistiques - réponses
Question Réponse % Correct
Quels agrès de gymnastique peuvent être fixes, parallèles ou encore asymétriques ? barres
98%
Quel reporter est le personnage principal, de la bande dessinée : "Le Lotus bleu" ? Tintin
94%
Quels insectes à la taille fine ont donné leur nom au titre d'une pièce d'Aristophane ? Les Guêpes
76%
Complétez le titre du film réalisé en 1966 par Luis Bunuel , "Belle ... de jour
68%
Dans quelle ville française se sont déroulés les Jeux olympiques d'hiver en 1992 ? Albertville
62%
Une jument qui n'a pas encore atteint la maturité sexuelle est appelée une... pouliche
56%
Dans les années 90, quel acteur a incarné "Nestor Burma" pour la télévision ? Guy Marchand
53%
Selon le proverbe, "Ventre affamé n'a point... d'oreilles
51%
Quelle grande figure de la "beat generation" a publié "Sur la Route" en 1957 ? Jack Kerouac
38%
Complétez le titre du film réalisé en 1970 par Eric Rohmer, "Le genou ... de Claire
14%
Aucun quiz correspondant
Distribution des résultats
% des personnes avec chaque résultat
Percentile par nombre de réponses
Votre historique - résultats
Vous n’avez pas pris ce quiz